Countries Oasis has Visited - Statistics

General Stats
  • This quiz has been taken 36 times
  • The average score is 29 of 34
Answer Stats
Continent Country % Correct
North America Canada
100%
North America Mexico
100%
North America United States of America
100%
South America Brazil
96%
Europe France
96%
Europe Germany
96%
Europe Ireland
96%
Europe Italy
96%
Europe Spain
96%
South America Argentina
92%
South America Chile
92%
Asia China
92%
Europe Sweden
92%
Europe United Kingdom
92%
Europe Finland
88%
Asia Japan
88%
Europe Norway
88%
South America Peru
88%
Europe Poland
88%
Europe Portugal
88%
Europe Greece
84%
Europe Netherlands
84%
Oceania New Zealand
84%
Africa South Africa
84%
Europe Belgium
80%
Asia South Korea
80%
Europe Switzerland
76%
South America Venezuela
76%
Europe Denmark
72%
Europe Hungary
72%
Europe Czech Republic
68%
Asia Singapore
64%
Asia Thailand
56%
Asia Taiwan
52%
No matching quizzes found
Score Distribution
Percent of People with Each Score
Percentile by Number Answered
Your Score History
You have not taken this quiz